Biting behaviour and temporal distribution of medically important mosquitoes in Peninsular Malaysia /
Saved in:
| Main Author: | |
|---|---|
| Format: | Thesis Book |
| Language: | English |
| Published: |
2015.
|
| Subjects: | |
| Tags: |
Add Tag
No Tags, Be the first to tag this record!
|
| LEADER | 01194cam a2200313 i 4500 | ||
|---|---|---|---|
| 001 | u1032964 | ||
| 003 | SIRSI | ||
| 005 | 201605170907 | ||
| 008 | 160517s2015 my a m 000 0 eng | ||
| 040 | |a UMM |e rda | ||
| 043 | |a a-my--- | ||
| 090 | |a QH302 |b UM 2015 Nurimz | ||
| 100 | 0 | |a Nurin Izzati Mohd Zulkifli, |e author. | |
| 245 | 1 | 0 | |a Biting behaviour and temporal distribution of medically important mosquitoes in Peninsular Malaysia / |c Nurin Izzati binti Mohd Zulkifli. |
| 264 | 1 | |c 2015. | |
| 264 | 4 | |c 2015. | |
| 300 | |a xiv, 131 leaves, 8 unnumbered leaves : |b illustrations ; |c 30 cm. | ||
| 336 | |a text |2 rdacontent | ||
| 337 | |a unmediated |2 rdamedia | ||
| 338 | |a volume |2 rdacarrier | ||
| 502 | |b M.Sc. |c Institut Sains Biologi, Fakulti Sains, Universiti Malaya |d 2015. | ||
| 504 | |a Bibliography: leaves 121-128. | ||
| 650 | 0 | |a Mosquitoes |z Malaysia |x Identification. | |
| 650 | 0 | |a Culex quinquefasciatus. | |
| 650 | 0 | |a Aedes |z Malaysia. | |
| 710 | 2 | |a Universiti Malaya. |b Institut Sains Biologi, |e degree granting institution. | |
| 900 | |a NSR NSM | ||
| 596 | |a 1 | ||
| 999 | |a QH302 UM 2015 NURIMZ |w LC |c 1 |i A516412025 |d 19/12/2016 |f 19/12/2016 |g 1 |l STACKS |m P01UTAMA |r Y |s Y |t TESIS |u 19/12/2016 |1 STEM | ||
